00398nam a22001337a 4500008004100000040005500041080001900096100001800115245006100133260003200194300001400226650001200240653001200252230605b |||||||| |||| 00| 0 eng d aNational Science LibrarycNational Science Library a615.4(540)bM4 aNarayana, P L aIndian pharmaceutical industry: bProblems and prospects aNew Delhi: bNCAER, c1984 aix, 360p. aScience aBiology